000
00354nam a2200157Ia 4500
003
OSt
005
20240106122546.0
008
170524s9999 xx 000 0 und d
020
_a
9780195680874
040
_c
IIMT UNIVERSITY
100
_a
Schaumann- Rolf
245
0
_a
Design of Analog Filters
260
_b
Oxford
260
_c
2011
942
_2
ddc
_c
02
999
_c
5965
_d
5965